Digital communications/ (Record no. 159443)

MARC details
000 -LEADER
fixed length control field 00714nam a22002177a 4500
005 - DATE AND TIME OF LATEST TRANSACTION
control field 20181218113841.0
010 ## - LCCN (DPL NO)
LC control number ENG-124563
020 ## - INTERNATIONAL STANDARD BOOK NUMBER
International Standard Book Number 9789353163020
Terms of availability 950.00
035 ## - SYSTEM CONTROL NUMBER
System control number EN-108095
037 ## - SOURCE OF ACQUISITION
Source of stock number/acquisition DBAD/PUB.
082 ## - DEWEY DECIMAL CLASSIFICATION NUMBER
Classification number 621.382
100 ## - MAIN ENTRY--PERSONAL NAME
Personal name Proakis, John G.
245 ## - TITLE STATEMENT
Title Digital communications/
Statement of responsibility, etc by John G. Proakis [and] Masoud Salehi
250 ## - EDITION STATEMENT
Edition statement 5th edn.
260 ## - PUBLICATION, DISTRIBUTION, ETC. (IMPRINT)
Name of publisher, distributor, etc Tata McGraw Hill
Date of publication, distribution, etc 2018
Place of publication, distribution, etc Chennai
270 ## - ADDRESS
Address 444,/1, Sri Ekambara Naicker Industrial Estate, Alapakkam, Porur,
City Chennai
Postal code 600116
300 ## - PHYSICAL DESCRIPTION
Extent xviii, 1150p.
Dimensions 25cm(pbk)
Other physical details ill.
500 ## - GENERAL NOTE
General note It includes references, bibliography and index
700 ## - ADDED ENTRY--PERSONAL NAME
Personal name Salehi, Masoud
942 ## - ADDED ENTRY ELEMENTS (KOHA)
Source of classification or shelving scheme Dewey Decimal Classification
Item type English Books
Call number suffix PRO
Classification part 621.382
Holdings
Withdrawn status Lost status Not for loan Collection code Home library Current library Date acquired Source of acquisition Cost, normal purchase price Full call number Barcode Copy number Cost, replacement price Koha item type
    Not For Loan Non-fiction D.B.Act.Division Bawana 18/12/2018 DBAD/PUB 950.00 621.382 PRO EN-108095 1 950.00 English Books

© Delhi Public Library
Hit Counter
free hit counter